[Event "13th Parsvnath Open"]
[Site "New Delhi IND"]
[Date "2015.01.09"]
[Round "1.25"]
[White "Arjun, K."]
[Black "Saptarshi, Roy"]
[Result "0-1"]
[BlackTitle "IM"]
[WhiteElo "2081"]
[BlackElo "2448"]
[WhiteFideId "5048842"]
[BlackFideId "5008980"]
[EventDate "2015.01.09"]

1. e4 e5 2. Nf3 Nc6 3. Bc4 Nf6 4. d3 Be7 5. O-O O-O 6. c3 d6 7. Bb3 h6 8. Re1
Nh7 9. h3 Ng5 10. Nxg5 Bxg5 11. Nd2 Kh8 12. Nf3 Bxc1 13. Rxc1 f5 14. Bc2 fxe4
15. Rxe4 Qf6 16. Re3 Bd7 17. d4 exd4 18. cxd4 Ne7 19. Be4 c6 20. Qb3 Rab8 21.
Qa3 a6 22. Rce1 Ng6 23. Bxg6 Qxg6 24. Re7 Rbd8 25. Qe3 Rde8 26. Nh4 Qf6 27. Qg3
g5 28. Rxe8 Rxe8 29. Rxe8+ Bxe8 30. Qf3 Qxf3 31. Nxf3 Bf7 32. a3 Bd5 33. Nd2 Kg7
34. f3 c5 35. dxc5 dxc5 36. Kf2 Kf6 37. Ke3 Ke5 38. g3 b5 39. h4 gxh4 40. gxh4
a5 41. Nf1 Bf7 42. Ng3 b4 43. f4+ Kd5 44. Kd3 h5 45. axb4 cxb4 46. b3 Kc6 47.
Kc2 Kc5 48. Kb2 Kd5 49. Kc2 Bg6+ 50. Kb2 Kd4 51. f5 Bf7 52. f6 Ke5 53. Ne2 Bg6
54. Ka2 Kxf6 55. Nd4 Be4 56. Kb2 Ke5 57. Nb5 Bc6 58. Nc7 Kd6 0-1

[Event "13th Parsvnath Open"]
[Site "New Delhi IND"]
[Date "2015.01.09"]
[Round "1.26"]
[White "Anurag, Mhamal"]
[Black "Dahale, Atul"]
[Result "1-0"]
[WhiteTitle "IM"]
[WhiteElo "2446"]
[BlackElo "2078"]
[WhiteFideId "5024366"]
[BlackFideId "5037794"]
[EventDate "2015.01.09"]

1. c4 Nf6 2. g3 c5 3. Bg2 e6 4. Nf3 d5 5. O-O Nc6 6. b3 Be7 7. Bb2 O-O 8. e3 b6
9. Qe2 Bb7 10. Rd1 Rc8 11. Nc3 Qc7 12. cxd5 exd5 13. d4 Rcd8 14. Rac1 Rfe8 15.
Nh4 cxd4 16. Nb5 Qb8 17. Nxd4 Nxd4 18. Bxd4 Ne4 19. Bxe4 dxe4 20. Nf5 Rd5 21.
Nxg7 Rxd4 22. Nxe8 Rxd1+ 23. Qxd1 Qxe8 24. Qg4+ Kf8 25. Rc7 Bd5 26. Qf5 Be6 27.
Qxh7 Bf6 28. Qxe4 Qd8 29. Rc1 Qd2 30. Qc2 Qd5 31. e4 Qh5 32. Qd3 Qa5 33. Qe2 Kg7
34. Kg2 Qg5 35. Rd1 Qh6 36. h4 Qg6 37. h5 Qg5 38. f4 Qg4 39. Qxg4+ Bxg4 40. Rd5
Bc3 41. Re5 1-0

[Event "13th Parsvnath Open"]
[Site "New Delhi IND"]
[Date "2015.01.09"]
[Round "1.27"]
[White "Nath, Rupankar"]
[Black "Nguyen, Van Huy"]
[Result "0-1"]
[BlackTitle "IM"]
[WhiteElo "2077"]
[BlackElo "2445"]
[WhiteFideId "5006724"]
[BlackFideId "12401064"]
[EventDate "2015.01.09"]

1. d4 Nf6 2. Nf3 d5 3. c4 e6 4. Nc3 Bb4 5. Bg5 Nbd7 6. cxd5 exd5 7. Bxf6 Bxc3+
8. bxc3 Nxf6 9. e3 O-O 10. c4 c5 11. Bd3 Bg4 12. dxc5 Bxf3 13. Qxf3 Qa5+ 14. Ke2
dxc4 15. Bxc4 Qxc5 16. Rhc1 Qe5 17. Rab1 Ne4 18. Rxb7 Rad8 19. Ke1 Qa5+ 0-1

[Event "13th Parsvnath Open"]
[Site "New Delhi IND"]
[Date "2015.01.09"]
[Round "1.28"]
[White "Neelotpal, Das"]
[Black "Vikas, R Sharma"]
[Result "1-0"]
[WhiteTitle "GM"]
[WhiteElo "2437"]
[BlackElo "2077"]
[WhiteFideId "5003512"]
[BlackFideId "25009389"]
[EventDate "2015.01.09"]

1. d4 Nf6 2. c4 g6 3. Nc3 d5 4. e3 Bg7 5. Qb3 c6 6. Nf3 O-O 7. Bd3 Qb6 8. Qc2
Na6 9. a3 Be6 10. c5 Qd8 11. b4 Nc7 12. O-O Nd7 13. Ng5 f5 14. b5 Bf7 15. Nxf7
Rxf7 16. bxc6 bxc6 17. f4 Rb8 18. Bd2 e6 19. Rab1 g5 20. fxg5 Qxg5 21. Rxb8+
Nxb8 22. Ne2 Nd7 23. e4 Qh4 24. g3 Qd8 25. e5 Nf8 26. Rb1 Ng6 27. Qa4 Qa8 28.
Rb4 Rf8 29. Qb3 Rc8 30. a4 Bf8 31. Be3 a5 32. Rb6 Be7 33. Qb1 Bd8 34. g4 Ne8 35.
gxf5 Bxb6 36. cxb6 Qb7 37. fxg6 hxg6 38. Bxg6 Ng7 39. Nf4 Rb8 40. Bh7+ Kf8 41.
Qf1 Ke8 42. Bg6+ Kd8 43. Nd3 Qe7 44. h4 1-0

[Event "13th Parsvnath Open"]
[Site "New Delhi IND"]
[Date "2015.01.09"]
[Round "1.30"]
[White "Sunilduth Lyna, Narayanan"]
[Black "Dhananjay"]
[Result "1-0"]
[WhiteTitle "IM"]
[WhiteElo "2437"]
[BlackElo "2071"]
[WhiteFideId "5058422"]
[BlackFideId "5092892"]
[EventDate "2015.01.09"]

1. d4 Nf6 2. c4 e6 3. Nf3 b6 4. Nc3 Bb4 5. Qb3 Bxc3+ 6. Qxc3 Bb7 7. g3 O-O 8.
Bg2 d6 9. O-O Nbd7 10. b4 Qe7 11. Bb2 a5 12. b5 Rac8 13. Rfd1 c6 14. Nd2 Nb8 15.
bxc6 Bxc6 16. e4 Rfd8 17. Qa3 Ne8 18. d5 Bb7 19. Bd4 Nd7 20. Rab1 Ba6 21. Rdc1
Rb8 22. e5 Kf8 23. dxe6 Qxe6 24. Re1 Bb7 25. exd6 Qh6 26. Bxb7 Qxd2 27. Rbd1 Qb4
28. Qf3 Nxd6 29. Bd5 Re8 30. Rxe8+ Rxe8 31. a3 Re1+ 32. Kg2 Rxd1 33. axb4 1-0

[Event "13th Parsvnath Open"]
[Site "New Delhi IND"]
[Date "2015.01.09"]
[Round "1.31"]
[White "Aronyak, Ghosh"]
[Black "Prasanna, Raghuram Rao"]
[Result "0-1"]
[WhiteTitle "CM"]
[BlackTitle "IM"]
[WhiteElo "2065"]
[BlackElo "2436"]
[WhiteFideId "25072846"]
[BlackFideId "5022401"]
[EventDate "2015.01.09"]

1. d4 Nf6 2. Bg5 d5 3. Bxf6 gxf6 4. e3 c5 5. dxc5 Qa5+ 6. Nd2 Nc6 7. a3 Qxc5 8.
c4 dxc4 9. Bxc4 Bg7 10. Ngf3 O-O 11. h3 f5 12. Qc2 Be6 13. b4 Qd6 14. Rd1 Rac8
15. Bxe6 Qxe6 16. Qb1 f4 17. e4 Ne5 18. O-O Rc3 19. Nxe5 Bxe5 20. Nf3 Rxf3 21.
gxf3 Qxh3 22. Qd3 Kh8 0-1

[Event "13th Parsvnath Open"]
[Site "New Delhi IND"]
[Date "2015.01.09"]
[Round "1.32"]
[White "Karthikeyan, P."]
[Black "Godbole, Atharva"]
[Result "1-0"]
[WhiteTitle "IM"]
[WhiteElo "2435"]
[BlackElo "2065"]
[WhiteFideId "5018226"]
[BlackFideId "5059550"]
[EventDate "2015.01.09"]

1. d4 Nf6 2. c4 e6 3. Nf3 b6 4. g3 Ba6 5. b3 Bb4+ 6. Bd2 Be7 7. Nc3 d5 8. cxd5
exd5 9. Bg2 O-O 10. O-O c6 11. Qc2 Nbd7 12. Rad1 Re8 13. Rfe1 Rc8 14. Bh3 c5 15.
Qb2 Qc7 16. dxc5 bxc5 17. Bf4 Qb7 18. Ne5 d4 19. Nxd7 Nxd7 20. Bg2 Qb6 21. Nd5
Qa5 22. b4 cxb4 23. Nxe7+ Rxe7 24. Bd6 Ree8 25. Bxb4 Qa4 26. Rxd4 Rc2 27. Qb3
Nb6 28. Qxa4 Nxa4 29. e3 Rxa2 30. Bd5 1-0

[Event "13th Parsvnath Open"]
[Site "New Delhi IND"]
[Date "2015.01.09"]
[Round "1.34"]
[White "Swapnil, S. Dhopade"]
[Black "Chakravarthi, Y.V.K."]
[Result "1/2-1/2"]
[WhiteTitle "IM"]
[WhiteElo "2424"]
[BlackElo "2062"]
[WhiteFideId "5019184"]
[BlackFideId "5029546"]
[EventDate "2015.01.09"]

1. d4 d5 2. c4 c6 3. Nf3 Nf6 4. g3 dxc4 5. Bg2 g6 6. O-O Bg7 7. Ne5 O-O 8. Nxc4
Be6 9. b3 Bd5 10. Bb2 Bxg2 11. Kxg2 Ng4 12. e4 b5 13. Nca3 h5 14. Qe2 Bxd4 15.
Rd1 e5 16. Bxd4 exd4 17. Nc2 c5 18. Qxb5 Qf6 19. f3 Ne3+ 20. Nxe3 dxe3 21. Nc3
Qxc3 22. Qb7 Qb2+ 23. Kh3 Qf6 24. Qxa8 Nc6 25. Qb7 Qxf3 26. Qxc6 Qg4+ 27. Kg2
Qe2+ 1/2-1/2

[Event "13th Parsvnath Open"]
[Site "New Delhi IND"]
[Date "2015.01.09"]
[Round "1.35"]
[White "Michelle Catherina, P"]
[Black "Satyapragyan, Swayangsu"]
[Result "1/2-1/2"]
[BlackTitle "IM"]
[WhiteElo "2061"]
[BlackElo "2410"]
[WhiteFideId "5005736"]
[BlackFideId "5004306"]
[EventDate "2015.01.09"]

1. e4 d5 2. exd5 Nf6 3. Nc3 Nxd5 4. Nge2 Bg4 5. f3 Bf5 6. d3 e6 7. a3 Nc6 8. Bd2
Bc5 9. Nxd5 exd5 10. Ng3 Be6 11. Bc3 Qh4 12. Qe2 O-O-O 13. O-O-O Rhe8 14. Qe1 d4
15. Bd2 Qe7 16. b4 Bd6 17. c3 a5 18. Kb2 dxc3+ 19. Bxc3 axb4 20. axb4 Bxb4 21.
Bxb4 Nxb4 22. Qc3 Rd6 23. Ne4 Rb6 24. Qxg7 Na2+ 25. Kc2 Bb3+ 1/2-1/2

[Event "13th Parsvnath Open"]
[Site "New Delhi IND"]
[Date "2015.01.09"]
[Round "1.36"]
[White "Ramnath Bhuvanesh, R"]
[Black "Arpita, Mukherjee"]
[Result "1/2-1/2"]
[WhiteTitle "IM"]
[BlackTitle "WFM"]
[WhiteElo "2405"]
[BlackElo "2058"]
[WhiteFideId "5026598"]
[BlackFideId "5056403"]
[EventDate "2015.01.09"]

1. e4 c5 2. b3 Nc6 3. Bb2 e5 4. Bc4 d6 5. Nc3 Nf6 6. d3 g6 7. Nge2 Bg7 8. O-O
O-O 9. h3 Nh5 10. Nd5 a6 11. a4 Rb8 12. Ne3 Qg5 13. Kh2 Nd4 14. Ng1 Kh8 15. c3
Nc6 16. Bc1 Qd8 17. g3 Ne7 18. b4 cxb4 19. cxb4 b5 20. axb5 axb5 21. Bb3 Bb7 22.
Bb2 d5 23. Nf3 d4 24. Ng2 Nc6 25. Bc1 Qc7 26. Nfh4 Ra8 27. Bd2 1/2-1/2

[Event "13th Parsvnath Open"]
[Site "New Delhi IND"]
[Date "2015.01.09"]
[Round "1.37"]
[White "Prajesh, R"]
[Black "Sardana, Rishi"]
[Result "1/2-1/2"]
[BlackTitle "IM"]
[WhiteElo "2058"]
[BlackElo "2404"]
[WhiteFideId "25044753"]
[BlackFideId "25004301"]
[EventDate "2015.01.09"]

1. d4 d5 2. Nf3 Nf6 3. e3 c5 4. c3 Nc6 5. dxc5 g6 6. Nbd2 Bg7 7. Bd3 O-O 8. O-O
Qc7 9. h3 Rd8 10. Qe2 Nd7 11. Nb3 Nce5 12. Nxe5 Nxe5 13. Bc2 b6 14. e4 a5 15.
cxb6 Qxb6 16. Be3 Qc7 17. Rfd1 Ba6 18. Qe1 Nc4 19. Rxd5 Nxb2 20. Bd4 Bxd4 21.
Rxd8+ Rxd8 22. Nxd4 e5 23. Nf3 Bd3 24. Bb3 a4 25. Bd5 Bc4 26. Bxc4 Qxc4 27. Nxe5
Qc5 28. Ng4 h5 29. Nf6+ Kg7 30. Nd5 a3 31. Qd2 Re8 32. Re1 Re6 33. Qd4+ Qxd4 34.
cxd4 Rc6 35. Re3 Rc1+ 36. Kh2 Rc2 37. Rxa3 Rxf2 38. Ne3 Rf4 39. Rb3 Na4 40. Rb4
Rxe4 41. Rxa4 Rxe3 42. d5 Rd3 43. Ra5 Kf6 44. a4 Ke5 45. Ra7 Rxd5 46. Rxf7 Ra5
47. Rg7 Kf6 48. Rb7 Rxa4 49. Rb5 h4 50. Rb2 Ke5 1/2-1/2

[Event "13th Parsvnath Open"]
[Site "New Delhi IND"]
[Date "2015.01.09"]
[Round "1.38"]
[White "Rajesh, V A V"]
[Black "Monnisha, GK"]
[Result "1-0"]
[WhiteTitle "IM"]
[BlackTitle "WFM"]
[WhiteElo "2397"]
[BlackElo "2055"]
[WhiteFideId "5029317"]
[BlackFideId "5009936"]
[EventDate "2015.01.09"]

1. d4 Nf6 2. c4 e6 3. Nf3 d5 4. Nc3 dxc4 5. e3 a6 6. a4 b6 7. Bxc4 Bb7 8. O-O
Bd6 9. Qe2 Nbd7 10. e4 e5 11. d5 O-O 12. Rd1 Qe7 13. Nh4 g6 14. Bg5 Rfe8 15. Rd3
Qf8 16. g4 Be7 17. Rh3 Nxd5 18. Bxd5 Bxg5 19. Bxb7 Qh6 20. Bxa8 Rxa8 21. Rd3 Nc5
22. Ng2 Nxd3 23. Qxd3 Rd8 24. Qf3 1-0

[Event "13th Parsvnath Open"]
[Site "New Delhi IND"]
[Date "2015.01.09"]
[Round "1.39"]
[White "Jayakumaar, S"]
[Black "Del Rey, Diego"]
[Result "0-1"]
[BlackTitle "IM"]
[WhiteElo "2053"]
[BlackElo "2390"]
[WhiteFideId "5090997"]
[BlackFideId "102164"]
[EventDate "2015.01.09"]

1. e4 c5 2. Nc3 e6 3. g3 d5 4. exd5 exd5 5. Bg2 d4 6. Qe2+ Be7 7. Nd5 Nc6 8. d3
Be6 9. Nf4 Bd7 10. Nd5 Rc8 11. Nh3 Kf8 12. Nhf4 Bd6 13. O-O Nh6 14. Nh5 Nf5 15.
Be4 h6 16. Bd2 g6 17. Nhf6 Be6 18. Rae1 Be5 19. Ng4 Bg7 20. Nf4 Bd7 21. Bxc6
Bxc6 22. Ne5 Qd6 23. Nc4 Qf6 24. b4 Re8 25. Qd1 b6 26. bxc5 bxc5 27. Bc1 Nd6 28.
Na5 Ba8 29. Ba3 Rc8 30. Qg4 Kg8 31. Nb3 Kh7 32. Bxc5 Nf5 33. Qe2 a5 34. a4 Rhd8
35. Be7 Qc6 36. f3 Re8 37. Nxa5 Qxa4 38. Nc4 Rxe7 39. Ne5 0-1

[Event "13th Parsvnath Open"]
[Site "New Delhi IND"]
[Date "2015.01.09"]
[Round "1.40"]
[White "Rathnakaran, K."]
[Black "Harini, S."]
[Result "1-0"]
[WhiteTitle "IM"]
[WhiteElo "2387"]
[BlackElo "2046"]
[WhiteFideId "5005507"]
[BlackFideId "5024919"]
[EventDate "2015.01.09"]

1. e4 c5 2. Nf3 d6 3. c3 Nf6 4. h3 Nc6 5. Bd3 g6 6. O-O Bg7 7. Bc2 O-O 8. d4
cxd4 9. cxd4 e5 10. d5 Nb4 11. Bb3 a5 12. Nc3 Bd7 13. Be3 b5 14. a4 bxa4 15.
Bxa4 Bxa4 16. Rxa4 Nd7 17. Qe2 Nb6 18. Ra3 Qc7 19. Rfa1 Nd7 20. Nb5 Qc2 21. Nd2
Nc5 22. Rc3 Qxb2 23. Rb1 Qa2 24. Nxd6 Nxe4 25. N6xe4 Nxd5 26. Rcc1 Rfc8 27.
Rxc8+ Rxc8 28. Qa6 Qc2 29. Qxa5 Nxe3 30. fxe3 f5 31. Qd5+ Kh8 32. Nd6 1-0

[Event "13th Parsvnath Open"]
[Site "New Delhi IND"]
[Date "2015.01.09"]
[Round "1.41"]
[White "Alahakoon, Isuru"]
[Black "Lazarev, Vladimir"]
[Result "0-1"]
[BlackTitle "GM"]
[WhiteElo "2042"]
[BlackElo "2379"]
[WhiteFideId "9900993"]
[BlackFideId "4113250"]
[EventDate "2015.01.09"]

1. e4 c5 2. Nf3 Nc6 3. d4 cxd4 4. Nxd4 Qb6 5. Nb3 Nf6 6. Nc3 e6 7. Be3 Qc7 8. f4
Bb4 9. e5 Ne4 10. Qd3 Nxc3 11. bxc3 Be7 12. Rd1 O-O 13. Be2 f6 14. O-O fxe5 15.
fxe5 Nxe5 16. Rxf8+ Bxf8 17. Qd4 d6 18. Bf4 Nd7 0-1

[Event "13th Parsvnath Open"]
[Site "New Delhi IND"]
[Date "2015.01.09"]
[Round "1.42"]
[White "Nitin, S."]
[Black "Tiwari, Ashwani"]
[Result "1-0"]
[WhiteTitle "IM"]
[BlackTitle "FM"]
[WhiteElo "2355"]
[BlackElo "2037"]
[WhiteFideId "5018277"]
[BlackFideId "5006961"]
[EventDate "2015.01.09"]

1. Nf3 f5 2. b3 d6 3. d4 Nf6 4. Bb2 g6 5. g3 Bg7 6. Bg2 O-O 7. O-O c6 8. c4 Qc7
9. d5 Na6 10. Nd4 e5 11. dxe6 Nc5 12. Nd2 Nxe6 13. e3 Nxd4 14. Bxd4 Be6 15. Rc1
Rad8 16. Nf3 Ne4 17. Bxg7 Qxg7 18. Nd4 Bc8 19. Qc2 Rfe8 20. Rfd1 a6 21. Ne2 Ng5
22. Rd4 Nf7 23. Rcd1 g5 24. R4d2 Qf6 25. Qb2 Qxb2 26. Rxb2 Kg7 27. Rdd2 Kf6 28.
Rd3 h6 29. Rbd2 Ke7 30. f4 Kd7 31. b4 Kc7 32. a4 Be6 33. Rc3 Kb8 34. Nd4 Bd7 35.
Nc2 b6 36. b5 c5 37. Bd5 Be6 38. bxa6 Ka7 39. Na3 Re7 40. Nb5+ 1-0

[Event "13th Parsvnath Open"]
[Site "New Delhi IND"]
[Date "2015.01.09"]
[Round "1.44"]
[White "Krishna, C.R.G."]
[Black "Pradip, Tiwari"]
[Result "1-0"]
[WhiteElo "2350"]
[BlackElo "2030"]
[WhiteFideId "5018625"]
[BlackFideId "5045436"]
[EventDate "2015.01.09"]

1. d4 d5 2. Nf3 Nf6 3. c4 e6 4. g3 Be7 5. Bg2 O-O 6. O-O Nbd7 7. Qc2 c6 8. Nbd2
b6 9. e4 dxe4 10. Nxe4 Ba6 11. Nxf6+ Bxf6 12. Bf4 Bb7 13. Rad1 Qc8 14. Ng5 Bxg5
15. Bxg5 Re8 16. Rfe1 Nf8 17. h4 h6 18. Be3 e5 19. dxe5 Rxe5 20. Qc3 Qf5 21. Bd4
Rxe1+ 22. Rxe1 Ne6 23. Be4 Qg4 24. Be5 Rd8 25. Qc2 Qh5 26. Kg2 Rd7 27. Re3 Qd1
28. Qxd1 Rxd1 29. Bb8 a6 30. Ba7 b5 31. cxb5 axb5 32. b4 Rd8 33. Bb6 Ra8 34. Ba5
Kf8 35. f4 g6 36. Kf2 Ke7 37. h5 Kf6 38. hxg6 fxg6 39. Bxg6 c5 40. f5 Ng5 41.
Ke2 cxb4 42. Bxb4 Nf3 43. Kd1 Rxa2 44. Be7+ Kg7 45. Kc1 Bd5 46. Bh5 Nd4 47. f6+
Kg8 48. Rd3 Nb3+ 49. Kd1 Bc4 50. Rd8+ Kh7 51. f7 Bxf7 52. Bxf7 Ra7 53. Bg8+ Kg6
54. Bf8 1-0

[Event "13th Parsvnath Open"]
[Site "New Delhi IND"]
[Date "2015.01.09"]
[Round "1.45"]
[White "Rishi, Thariani"]
[Black "Visakh, NR"]
[Result "0-1"]
[WhiteElo "2027"]
[BlackElo "2346"]
[WhiteFideId "5030501"]
[BlackFideId "25012223"]
[EventDate "2015.01.09"]

1. e4 c5 2. Nf3 d6 3. d4 cxd4 4. Nxd4 Nf6 5. Nc3 a6 6. Bg5 e6 7. f4 Qc7 8. Qf3
b5 9. Bd3 b4 10. Nce2 Nbd7 11. Ng3 Bb7 12. Qe2 Be7 13. Nb3 a5 14. Nh5 Nxh5 15.
Qxh5 a4 16. Nd4 g6 17. Qh4 Bxg5 18. Qxg5 Qc5 19. Qxc5 Nxc5 20. Bb5+ Kf8 21. Bc6
Rb8 22. Bxb7 Rxb7 23. e5 dxe5 24. fxe5 Kg7 25. O-O Rc8 26. Rad1 Nd7 27. Rfe1 Rc5
28. Rd2 Nxe5 29. b3 a3 30. Kf2 Rbc7 31. h3 Nd7 32. Ree2 Nf6 33. g4 Nd5 34. Re1
Nc3 35. Ra1 Ne4+ 0-1

[Event "13th Parsvnath Open"]
[Site "New Delhi IND"]
[Date "2015.01.09"]
[Round "1.47"]
[White "Nyland, Thomas"]
[Black "Ortega Ruiz, Jose Miguel"]
[Result "0-1"]
[BlackTitle "FM"]
[WhiteElo "2013"]
[BlackElo "2339"]
[WhiteFideId "1504428"]
[BlackFideId "2209713"]
[EventDate "2015.01.09"]

1. e4 e5 2. Nf3 Nc6 3. Nc3 d6 4. Bb5 Bd7 5. O-O Nf6 6. d4 exd4 7. Nxd4 Be7 8.
Nxc6 bxc6 9. Bd3 Ng4 10. b3 Bf6 11. Bb2 Be5 12. g3 h5 13. Be2 Bf6 14. Bd3 Nxh2
15. Kxh2 h4 16. Kg1 hxg3 0-1

[Event "13th Parsvnath Open"]
[Site "New Delhi IND"]
[Date "2015.01.09"]
[Round "1.48"]
[White "Ravi, Teja S."]
[Black "Madhurima, Shekhar"]
[Result "1-0"]
[WhiteElo "2338"]
[BlackElo "2012"]
[WhiteFideId "5017220"]
[BlackFideId "5067910"]
[EventDate "2015.01.09"]

1. d4 d5 2. Nf3 Nf6 3. c4 c6 4. e3 Bg4 5. Qb3 Qb6 6. Nc3 e6 7. Nh4 Be7 8. h3 Bh5
9. g4 Bg6 10. Nxg6 hxg6 11. g5 Ne4 12. Nxe4 dxe4 13. Bg2 Bxg5 14. Bxe4 Nd7 15.
Bd2 Bh4 16. Bc3 O-O-O 17. Qc2 Kb8 18. a4 Qc7 19. a5 a6 20. O-O-O Bf6 21. b4 Rh4
22. Kb2 Rdh8 23. Bg2 Rc8 24. Qe2 Re8 25. b5 axb5 26. cxb5 c5 27. b6 Qd6 28. Qf3
Qc6 29. Qg3+ Be5 30. Bxc6 Bxg3 31. fxg3 1-0

[Event "13th Parsvnath Open"]
[Site "New Delhi IND"]
[Date "2015.01.09"]
[Round "1.49"]
[White "Ruiz Casado, Francisco Javier"]
[Black "Kunal, M."]
[Result "0-1"]
[WhiteElo "2012"]
[BlackElo "2336"]
[WhiteFideId "2245183"]
[BlackFideId "5018250"]
[EventDate "2015.01.09"]

1. e4 c6 2. d4 d5 3. Nc3 a6 4. Be3 dxe4 5. Nxe4 Nf6 6. Bd3 Nxe4 7. Bxe4 Nd7 8.
Qd2 Nf6 9. Bd3 Bg4 10. Ne2 e6 11. f3 Bh5 12. Nf4 Bg6 13. Nxg6 hxg6 14. c4 Bd6
15. O-O-O b5 16. c5 Bc7 17. Be4 Nd5 18. Kb1 a5 19. g4 a4 20. f4 a3 21. b3 Ba5
22. Qd3 Rh3 23. Rde1 Bxe1 24. Rxe1 Qh4 25. Re2 Kd7 26. f5 Rxe3 27. Rxe3 Qf2 0-1

[Event "13th Parsvnath Open"]
[Site "New Delhi IND"]
[Date "2015.01.09"]
[Round "1.50"]
[White "Gusain, Himal"]
[Black "Md. Manik, Miah"]
[Result "1-0"]
[WhiteElo "2322"]
[BlackElo "2011"]
[WhiteFideId "5033861"]
[BlackFideId "10213660"]
[EventDate "2015.01.09"]

1. e4 c5 2. Nf3 Nc6 3. d4 cxd4 4. c3 dxc3 5. Nxc3 a6 6. Bc4 e6 7. O-O Bc5 8. a3
b5 9. Ba2 Nge7 10. b4 Ba7 11. e5 O-O 12. Ne4 Ng6 13. Bb2 Bb7 14. Re1 h6 15. Nd6
Rb8 16. Qd2 Nce7 17. Nxb7 Rxb7 18. Rad1 Nf5 19. g3 Rc7 20. Bb1 Qe7 21. Kg2 Rfc8
22. Re2 Nf8 23. Kh3 g5 24. Kg2 Ng6 25. h3 Kh7 26. Nh2 Kg7 27. Ng4 Rh8 28. Nf6
Nf8 29. Bxf5 exf5 1-0

[Event "13th Parsvnath Open"]
[Site "New Delhi IND"]
[Date "2015.01.10"]
[Round "2.1"]
[White "Gupta, Abhijeet"]
[Black "Vignesh, NR"]
[Result "1-0"]
[WhiteTitle "GM"]
[WhiteElo "2631"]
[BlackElo "2340"]
[WhiteFideId "5010608"]
[BlackFideId "25012215"]
[EventDate "2015.01.09"]

1. d4 Nf6 2. c4 e6 3. g3 d5 4. Bg2 Be7 5. Nf3 O-O 6. O-O dxc4 7. Qc2 a6 8. Qxc4
b5 9. Qc2 Bb7 10. Bd2 Be4 11. Qc1 Bb7 12. Bf4 Nd5 13. Nc3 Nxf4 14. Qxf4 Qd6 15.
Rac1 Nd7 16. Rfd1 Rad8 17. Ne5 Bxg2 18. Nxd7 Qxd7 19. Kxg2 b4 20. Ne4 Qd5 21.
Qf3 Rd7 22. Nc5 Rd6 23. Nb3 Rc8 24. Rc5 Qxf3+ 25. Kxf3 Rb6 26. Rc4 Bd6 27. e4 e5
28. d5 a5 29. Rdc1 Rf8 30. Ke2 f5 31. f3 Rbb8 32. Nc5 fxe4 33. fxe4 Rf7 34. Ne6
Rf6 35. Rc6 Rh6 36. h4 Rf6 37. Ra6 Kf7 38. Nxc7 Rc8 39. Rac6 Kg6 40. Nb5 Rxc6
41. dxc6 1-0

[Event "13th Parsvnath Open"]
[Site "New Delhi IND"]
[Date "2015.01.10"]
[Round "2.2"]
[White "Demchenko, Anton"]
[Black "Ravi, Teja S."]
[Result "1/2-1/2"]
[WhiteTitle "GM"]
[WhiteElo "2611"]
[BlackElo "2338"]
[WhiteFideId "4160258"]
[BlackFideId "5017220"]
[EventDate "2015.01.09"]

1. e4 c6 2. d4 d5 3. e5 Bf5 4. Nf3 e6 5. Be2 c5 6. Be3 cxd4 7. Nxd4 Ne7 8. O-O
Nbc6 9. Bb5 a6 10. Bxc6+ bxc6 11. c4 dxc4 12. Qa4 Bd3 13. Nd2 Bxf1 14. Ne4 Bd3
15. Nd6+ Kd7 16. b3 c3 17. Nxf7 Qc7 18. Rd1 Nd5 19. Rxd3 Be7 20. Nxh8 Rxh8 21.
Qxa6 Rc8 22. Nxe6 Qb8 23. Nf4 Ke8 24. Qc4 Qb4 25. Nxd5 Qxc4 26. bxc4 cxd5 27.
Rxc3 d4 28. Bxd4 Rd8 29. Rd3 Bc5 30. Bxc5 Rxd3 31. g3 g5 32. Bd6 Kd7 33. c5 g4
34. Kf1 Rd2 35. a3 h5 36. Kg2 Rc2 37. h3 Ra2 38. hxg4 hxg4 39. Kf1 Rc2 40. Ke1
Ra2 41. Kf1 Rc2 42. Ke1 Ra2 43. Bf8 Ke8 44. Bh6 Kd7 45. Bf4 Rxa3 46. Kd2 Ke6 47.
Ke2 Rc3 48. Be3 Kxe5 49. f3 gxf3+ 50. Kxf3 Rb3 51. c6 1/2-1/2

[Event "13th Parsvnath Open"]
[Site "New Delhi IND"]
[Date "2015.01.10"]
[Round "2.3"]
[White "Ortega Ruiz, Jose Miguel"]
[Black "David, Alberto"]
[Result "0-1"]
[WhiteTitle "FM"]
[BlackTitle "GM"]
[WhiteElo "2339"]
[BlackElo "2572"]
[WhiteFideId "2209713"]
[BlackFideId "4000013"]
[EventDate "2015.01.09"]

1. d4 Nf6 2. c4 e6 3. Nf3 c5 4. d5 exd5 5. cxd5 d6 6. Nc3 g6 7. h3 a6 8. a4 Qe7
9. Bf4 Nbd7 10. e3 Bg7 11. Be2 O-O 12. O-O b6 13. Re1 Rb8 14. e4 Ne8 15. Qd2 Ne5
16. Rad1 Nxf3+ 17. Bxf3 Bd4 18. Ne2 Bf6 19. b4 Nc7 20. a5 Nb5 21. axb6 cxb4 22.
Qxb4 Rxb6 23. Qa5 Rb8 24. Rc1 Re8 25. Ng3 Bb2 26. Rc4 Qf6 27. e5 dxe5 28. Ne4
Qxf4 29. Nd6 Nd4 30. Qc7 Bxh3 31. Rxd4 Bxd4 32. Nxe8 Rxe8 33. d6 Qh4 34. Re2 Be6 0-1

[Event "13th Parsvnath Open"]
[Site "New Delhi IND"]
[Date "2015.01.10"]
[Round "2.4"]
[White "Kunal, M."]
[Black "Brunello, Sabino"]
[Result "1-0"]
[BlackTitle "GM"]
[WhiteElo "2336"]
[BlackElo "2552"]
[WhiteFideId "5018250"]
[BlackFideId "813613"]
[EventDate "2015.01.09"]

1. b3 d5 2. Bb2 Nf6 3. e3 g6 4. c4 dxc4 5. Bxc4 Bg7 6. Nf3 O-O 7. O-O c5 8. d4
cxd4 9. Nxd4 Bd7 10. Nc3 Nc6 11. Nd5 Ne5 12. Nxf6+ Bxf6 13. Be2 Qb6 14. a4 a5
15. Nb5 Rad8 16. Bd4 Qe6 17. f4 Nc6 18. f5 gxf5 19. Bc4 Bxd4 20. Bxe6 Bxe3+ 21.
Kh1 Bxe6 22. Qh5 f4 23. Nc7 Bxb3 24. Qb5 Nd4 25. Qg5+ Kh8 26. Qxe7 f6 27. Rab1
Bc4 28. Rfd1 Rc8 29. Rxb7 Bg8 30. Nb5 Nf5 31. Qd7 Rc5 32. h3 Ng3+ 33. Kh2 Rg5
34. Qe7 Rf7 35. Qxf7 Bxf7 36. Rxf7 Kg8 37. Rb7 Kh8 38. Rd8+ Rg8 39. Rxg8+ Kxg8
40. h4 h5 41. Nd6 Bc5 42. Nf5 Nf1+ 43. Kh3 Nd2 44. Ne7+ Kf7 45. Nd5+ Ke6 46.
Nxf4+ Kd6 47. Rb5 Bb4 48. Nd5 1-0